Elementary statistics: a step by step approach/
Saved in:
| Hovedforfatter: | |
|---|---|
| Format: | Bog |
| Sprog: | engelsk |
| Udgivet: |
McGraw-Hill, Education
2018.
|
| Tags: |
Tilføj Tag
Ingen Tags, Vær først til at tagge denne postø!
|
MARC
| LEADER | 00000nam a22000007a 4500 | ||
|---|---|---|---|
| 008 | 210830b ||||| |||| 00| 0 eng d | ||
| 020 | |a ISBN: 978-1-259-92201-5 | ||
| 100 | |a BLUMAN, Allan G. | ||
| 245 | |a Elementary statistics: |b a step by step approach/ |c Allan G. Bluman.- |g xxiii, 808p.; ill. | ||
| 250 | |b 10th ed |c Allan G. Bluman.- | ||
| 260 | |b McGraw-Hill, Education |c 2018. |h New York |i 696932 -Sci. |i 696933 |l QA276.12 .B62 |m 1. Statistics – Textbooks |m 2. Mathematics. |m I. Title. | ||
| 500 | |a “It includes index” | ||
| 942 | |a lcc |c BK |e j. o. ifatola |f 30/ 08/ 2021 | ||
| 952 | |0 0 |1 0 |2 lcc |4 0 |6 QA027612 B62 |7 0 |9 3284 |a SL |b HOL |c QZ |d 2021-08-30 |l 0 |o QA276.12 .B62 |p 2021-66991 |r 2021-08-30 00:00:00 |w 2021-08-30 |y BK | ||
| 952 | |0 0 |1 0 |2 lcc |4 0 |6 QA027612 B62 |7 0 |9 3285 |a SL |b HOL |c QZ |d 2021-08-30 |l 0 |o QA276.12 .B62 |p 2021-66992 |r 2021-08-30 00:00:00 |w 2021-08-30 |y BK | ||
| 999 | |c 1641 |d 1641 | ||